| 000 | 00441nam a22001697a 4500 | ||
|---|---|---|---|
| 005 | 20260513112247.0 | ||
| 008 | 260513b |||||||| |||| 00| 0 eng d | ||
| 020 | _a9781606494035 | ||
| 041 | _aEng | ||
| 082 | _a519.5 NAG | ||
| 100 | _aNaghshpour; Shahdad | ||
| 245 | _aStatistics for Economics | ||
| 260 |
_aNew York _bBusiness Expert Press _c2012 |
||
| 300 | _a192;. P. 22 cm | ||
| 650 | _aGeneral; Statistics; Economics | ||
| 942 | _cBK | ||
| 999 |
_c46543 _d46543 |
||